000 00630nam a2200229Ia 4500
003 OSt
005 20221007080046.0
006 a|||||r|||| 00| 0
007 ta
008 221006b |||||||| |||| 00| 0 eng d
024 _a16,950
037 _cTextual
040 _aFLL
_cFLL
_beng
041 _2eng
_aeng
082 _aY131:7:7.1, L0
100 _aJain Netra Pal Au.
_9694566
245 0 _aRural reconstruction in India and China
260 _aNew Delhi
_bSterling Pub. India
_c1970
300 _axv,370p
_ccm.
942 _hY131:7:7.1, L0
_cTEXL
_2CC
999 _c1158243
_d1158243